ARRUPE JESUIT UNIVERSITY

CORONAVIRUS -STOP THE SPREAD - CLEAN,DISINFECT,COVER

Hume's philosophy of mind (Record no. 94006)

MARC details
000 -LEADER
fixed length control field 00443nam a2200193Ia 4500
003 - CONTROL NUMBER IDENTIFIER
control field 0100
008 - FIXED-LENGTH DATA ELEMENTS--GENERAL INFORMATION
fixed length control field 130307s9999 xx 000 0 und d
040 ## - CATALOGING SOURCE
Transcribing agency ARRUPELIB
050 ## - LIBRARY OF CONGRESS CALL NUMBER
Classification number B1498.B85 1980
300 ## - PHYSICAL DESCRIPTION
Other physical details 22cm
100 ## - MAIN ENTRY--PERSONAL NAME
Personal name Bricke, John
245 ## - TITLE STATEMENT
Title Hume's philosophy of mind
260 ## - PUBLICATION, DISTRIBUTION, ETC. (IMPRINT)
Place of publication, distribution, etc Princeton, New Jersey
260 ## - PUBLICATION, DISTRIBUTION, ETC. (IMPRINT)
Name of publisher, distributor, etc Princeton University press
260 ## - PUBLICATION, DISTRIBUTION, ETC. (IMPRINT)
Date of publication, distribution, etc 1980
300 ## - PHYSICAL DESCRIPTION
Extent 176p.
650 ## - SUBJECT ADDED ENTRY--TOPICAL TERM
Topical term or geographic name as entry element PHILOSOPHY
942 00 - ADDED ENTRY ELEMENTS (KOHA)
Koha issues (borrowed), all copies 1
Holdings
Withdrawn status Lost status Source of classification or shelving scheme Damaged status Not for loan Collection code Home library Current library Shelving location Date acquired Total Checkouts Full call number Barcode Date last seen Date checked out Copy number Price effective from Koha item type
    Library of Congress Classification     Main Collection ARRUPE LIBRARY ARRUPE LIBRARY   07/03/2013 3 B1498.B85 1980 46003091973 16/04/2019 27/03/2019 1 07/03/2013 Monograph ( Printed materials)

 

Arrupe Library. PO Box MP320 Mt Pleasant, Harare, Zimbabwe
263 242 745411|librarian@aju.ac.zw